Loading...
| 1 | 4 | 2 | 0 | 45 | 26 | 89.40 | 3 | 5 | 0.00 | 0.00 | |
| Beliefs | 2 | 3 | 4 | 2 | 40 | 20 | 89.60 | 4 | 5 | 0.00 | 0.00 |
| Philosophy | 1 | 2 | 0 | 1 | 35 | 49 | 90.67 | 2 | 3 | 0.00 | 0.00 |
| Science - Biology | 1 | 2 | 1 | 1 | 30 | 37 | 88.00 | 1 | 3 | 0.00 | 0.00 |
| Social Science | 1 | 2 | 1 | 0 | 30 | 58 | 97.67 | 1 | 3 | 0.00 | 0.00 |
| Fine Arts - Auditory | 0 | 3 | 1 | 0 | 25 | 95 | 123.67 | 0 | 3 | 0.00 | 0.00 |
| Science - Physics | 0 | 3 | 1 | 0 | 25 | 91 | 102.00 | 2 | 3 | 0.00 | 0.00 |
| Other Arts: Visual | 0 | 2 | 0 | 0 | 20 | 119 | 119.00 | 0 | 2 | 0.00 | 0.00 |
| Literature - European | 1 | 1 | 1 | 0 | 20 | 78 | 107.50 | 0 | 2 | 0.00 | 0.00 |
| Fine Arts - Visual | 1 | 1 | 1 | 0 | 20 | 70 | 95.50 | 1 | 2 | 0.00 | 0.00 |
| Other Science: Astronomy | 1 | 0 | 0 | 0 | 15 | 71 | 71.00 | 1 | 1 | 0.00 | 0.00 |
| Current Events | 1 | 0 | 0 | 0 | 15 | 51 | 51.00 | 1 | 1 | 0.00 | 0.00 |
| Other Science: Earth Science | 1 | 0 | 0 | 0 | 15 | 61 | 61.00 | 1 | 1 | 0.00 | 0.00 |
| Literature - American | 0 | 3 | 3 | 0 | 15 | 110 | 110.33 | 0 | 3 | 0.00 | 0.00 |
| Other Arts: Auditory | 0 | 1 | 0 | 0 | 10 | 116 | 116.00 | 0 | 1 | 0.00 | 0.00 |
| History - European | 0 | 2 | 2 | 0 | 10 | 87 | 107.50 | 2 | 2 | 0.00 | 0.00 |
| Other Academic | 0 | 1 | 0 | 0 | 10 | 95 | 95.00 | 1 | 1 | 0.00 | 0.00 |
| Other Science: Math | 0 | 1 | 1 | 1 | 5 | 138 | 138.00 | 0 | 1 | 0.00 | 0.00 |
| History - World | 0 | 1 | 2 | 0 | 0 | 112 | 112.00 | 0 | 1 | 0.00 | 0.00 |
| Religion | 0 | 0 | 1 | 0 | -5 | 0.00 | 0 | 0 | 0.00 | 0.00 | |
| Science - Chemistry | 0 | 0 | 1 | 0 | -5 | 0.00 | 0 | 0 | 0.00 | 0.00 | |
| Geography | 0 | 0 | 1 | 0 | -5 | 0.00 | 0 | 0 | 0.00 | 0.00 | |
| Chemistry> | 0 | 0 | 1 | 0 | -5 | 0.00 | 0 | 0 | 0.00 | 0.00 | |
| Literature - British | 0 | 0 | 1 | 0 | -5 | 0.00 | 0 | 0 | 0.00 | 0.00 | |
| History - American | 0 | 0 | 2 | 0 | -10 | 0.00 | 0 | 0 | 0.00 | 0.00 |